000 00977nam a22003137a 4500
001 BR9901648
003 BR-BrBNA
005 20230928100308.0
007 ta
008 230509b bl.||||| |||| 00| 0 por d
040 _aBR-BrBNA
_bpor
_cBiblioteca Nacional de Agricultura
041 _a(Por)
072 _aF30; U10
_b0430
090 _ 0430 BR9901648
100 1 _aCarvalho, L.P. de
110 1 _aUniversidade Federal de Vicosa, MG (Brasil)
_0Tese (Doctor Scientiae)
245 1 _aDivergencia genetica e analise dialelica em Gossypium hirsutum L. var. latifolium Hutch
260 3 _aVicosa, MG (Brasil):
_c1993.
300 _a203 p.
500 _aBibliography p. 193-203; 39 tables; 13 illus.; Summary (Por)
650 _aAlgodao
650 _aVariacao Genetica
650 _aCruzamento Dialelico
650 _aMetodo Estatistico
650 _aRendimento
650 _aMelhoramento Genetico Vegetal
909 _a202309
_bLucia
_c55
_dLucia Elande
942 _cBK
999 _c60854
_d60854